000 00387nam a22001457a 4500
003 OSt
008 241223b |||||||| |||| 00| 0 eng d
020 _a9788121932516
082 _a621.381
_bGUP/EL
100 _aGupta, B.R
_96552
245 _aElectrical and electronics engineering
260 _aNew Delhi
_bS.Chand & Company Ltd.
_c2010
700 _aVandana Singhal
_96553
942 _cBK
999 _c13896
_d13896